000 00594nam a22001817a 4500
005 20251108175210.0
008 250721s2002 xx 000 0 ara d
082 1 4 _a811.009/جوز
100 1 _aالجوزو، مصطفى
245 1 0 _aنظريات الشعر عند العرب /
246 1 1 _a(الجاهلية والعصور الإسلامية)
264 1 _aبيروت _ لبنان :
_bدار الطليعة للطباعة والنشر،
_c2002.
300 _a446ص.
650 1 7 _aالشعر العربي
650 1 7 _aالنقد الادبي
942 _2ddc
_cBK
999 _c128485
_d128485